Four Letter Geography - X - Statistics

General Stats
  • This quiz has been taken 28 times
  • The average score is 2 of 10
Answer Stats
Hint Answer % Correct
City in China Xian
92%
Variant spelling of Jaen Xaen
63%
River in China Xing
38%
Town in Oman Xavi
17%
Village in China Xidi
4%
Lake in China Xihu
4%
County in China Xiji
4%
District in Mexico Xoco
4%
City in China Xupu
4%
City in China Xuyi
4%
No matching quizzes found
Score Distribution
Percent of People with Each Score
Percentile by Number Answered
Your Score History
You have not taken this quiz